70's Albums - Sudden Death - Statistics

General Stats
  • This quiz has been taken 362 times
  • The average score is 5 of 18
Answers on the Grid
Answers color-coded by a green-red scale on the quiz's grid according to % correct below.
The Dark Side of the Moon
Remain in Light
Unknown Pleasures
Music from Big Pink
Who's Next
London Calling
Electric Ladyland
At Folsom Prison
Exile on Main St.
Zenyatta Mondatta
Ride the Lightning
1999
Hunky Dory
What's Going On
2112
Astral Weeks
Sabbath Bloody Sabbath
Willy and the Poor Boys
Blood on the Tracks
Born to Run
Physical Graffiti
The Number of the Beast
The Doors
Rumours
After the Gold Rush
Songs in the Key of Life
Odessey and Oracle
A Night at the Opera
Band on the Run
Abbey Road
Back in Black
Bridge Over Troubled Water
 
Answer Stats
Answer % Correct
The Dark Side of the Moon
93%
London Calling
42%
Rumours
36%
Band on the Run
32%
Born to Run
32%
A Night at the Opera
29%
Who's Next
29%
Exile on Main St.
27%
Hunky Dory
27%
Physical Graffiti
27%
Bridge Over Troubled Water
26%
Sabbath Bloody Sabbath
25%
Songs in the Key of Life
23%
What's Going On
22%
Unknown Pleasures
17%
2112
12%
Blood on the Tracks
12%
After the Gold Rush
11%
No matching quizzes found
Score Distribution
Percent of People with Each Score
Percentile by Number Answered
Your Score History
You have not taken this quiz